[Event "Hastings Weekend op"]
[Site "Hastings"]
[Date "2023.01.08"]
[Round "5"]
[White "Amoros, Pierre"]
[Black "Banerjee, Supratit"]
[Result "0-1"]
[WhiteElo "1721"]
[BlackElo "1572"]
[PlyCount "76"]
[EventDate "2023.01.07"]
[EventType "swiss"]
[EventRounds "5"]
[EventCountry "ENG"]
[SourceTitle "CBM 212 Extra"]
[Source "ChessBase"]
[SourceDate "2023.03.31"]
[SourceVersion "1"]
[SourceVersionDate "2023.03.31"]
[SourceQuality "1"]

1. e4 e6 2. d4 d5 3. e5 c5 4. c3 Nc6 5. Nf3 Bd7 6. a3 Rc8 7. b4 cxd4 8. cxd4 Qc7 9. Be3 Nge7 10. Bd3 Ng6 11. 0-0 Be7 12. Nbd2 0-0 13. Rc1 a6 14. Nb3 f5 15. exf6 Rxf6 16. Bg5 Rxf3 17. Bxg6 Bxg5 18. Qxf3 Bxc1 19. Bf7+ Kh8 20. Rxc1 Nxd4 21. Rxc7 Nxf3+ 22. gxf3 Rxc7 23. Nc5 Bc8 24. Bxe6 Rxc5 25. bxc5 Bxe6 26. Kf1 Kg8 27. Ke2 Kf7 28. Ke3 Kf6 29. Kd4 Kf5 30. a4 Kf4 31. a5 Kxf3 32. Ke5 Bg8 33. Kd4 Kxf2 34. c6 bxc6 35. Kc5 Ke3 36. Kb6 d4 37. Kxa6 d3 38. Kb6 Bc4 0-1

[Event "Hastings Weekend op"]
[Site "Hastings"]
[Date "2023.01.08"]
[Round "4"]
[White "Dasgupta, Avyukt"]
[Black "Amoros, Pierre"]
[Result "1-0"]
[WhiteElo "1859"]
[BlackElo "1721"]
[PlyCount "85"]
[EventDate "2023.01.07"]
[EventType "swiss"]
[EventRounds "5"]
[EventCountry "ENG"]
[SourceTitle "CBM 212 Extra"]
[Source "ChessBase"]
[SourceDate "2023.03.31"]
[SourceVersion "1"]
[SourceVersionDate "2023.03.31"]
[SourceQuality "1"]

1. d4 Nf6 2. Bf4 g6 3. e3 Bg7 4. Be2 d5 5. Nf3 c5 6. dxc5 Qa5+ 7. Nbd2 Nc6 8. 0-0 Qxc5 9. Nb3 Qb6 10. Ne5 0-0 11. c4 Nxe5 12. Bxe5 dxc4 13. Bxc4 Bg4 14. Qe1 Nd7 15. Bxg7 Kxg7 16. Nd4 Rac8 17. Be2 Bxe2 18. Qxe2 Rc7 19. Rad1 Rfc8 20. Rd2 Nf6 21. Nb5 Rc1 22. Nc3 Rxf1+ 23. Qxf1 Qc6 24. f3 a6 25. e4 b5 26. a3 e6 27. Qd3 Rc7 28. Qd6 Ne8 29. Qd4+ Kg8 30. Kf2 Qc5 31. e5 Kg7 32. f4 Rc6 33. Kf3 Qxd4 34. Rxd4 Nc7 35. Ke3 Kf8 36. Kd2 Ke7 37. b3 Rc5 38. Ne4 Rd5 39. Kd3 h6 40. Nf6 Rxd4+ 41. Kxd4 h5 42. g3 Na8 43. Kc5 1-0

[Event "FRA-chT4 1516"]
[Site "Champagne Ardennes"]
[Date "2016.01.31"]
[Round "5"]
[White "Brun, Francoise"]
[Black "Amoros, Pierre"]
[Result "1/2-1/2"]
[WhiteElo "1831"]
[BlackElo "1672"]
[PlyCount "114"]
[EventDate "2015.12.06"]
[EventType "team-tourn"]
[EventRounds "7"]
[EventCountry "FRA"]
[SourceTitle "EXT 2024"]
[Source "ChessBase"]
[SourceDate "2023.10.10"]
[SourceVersion "1"]
[SourceVersionDate "2023.10.10"]
[SourceQuality "1"]

1. e4 d5 2. exd5 Qxd5 3. Nc3 Qa5 4. d4 c6 5. Nf3 Bg4 6. Bd2 Qc7 7. Qe2 e6 8. h3 Bxf3 9. Qxf3 Nf6 10. 0-0-0 Nbd7 11. g4 h6 12. Kb1 Nb6 13. Qe2 0-0-0 14. Be3 Be7 15. f4 Nfd5 16. Nxd5 Nxd5 17. Qf2 Nxe3 18. Qxe3 Bd6 19. f5 exf5 20. gxf5 Bf4 21. Qa3 Kb8 22. Bg2 Rhe8 23. Rd3 Re2 24. Bf3 Rd2 25. Rxd2 Bxd2 26. Qd3 Qf4 27. c3 Qe3 28. Kc2 Qxd3+ 29. Kxd3 Bg5 30. Bh5 Rd7 31. Re1 Kc7 32. b3 Kd6 33. c4 c5 34. Re5 cxd4 35. Rd5+ Kc6 36. Rxd7 Kxd7 37. Kxd4 Kc6 38. Bxf7 Bd8 39. a3 Bb6+ 40. Ke4 a5 41. Bd5+ Kc5 42. Bf7 Bd8 43. Bd5 b6 44. Bf7 Bf6 45. Kd3 Bb2 46. a4 Bf6 47. Kc2 Kb4 48. Bg6 Be5 49. Be8 Bc7 50. Bb5 Be5 51. Kd3 Kc5 52. Ke4 Bf6 53. Kf3 Kb4 54. Kg4 Kxb3 55. Kh5 Kb4 56. h4 Kc5 57. Kg6 Ba1 1/2-1/2

[Event "FRA-chT4 1516"]
[Site "Champagne Ardennes"]
[Date "2015.12.06"]
[Round "3"]
[White "Amoros, Pierre"]
[Black "Masera, Michel"]
[Result "0-1"]
[WhiteElo "1678"]
[BlackElo "1858"]
[PlyCount "80"]
[EventDate "2015.12.06"]
[EventType "team-tourn"]
[EventRounds "7"]
[EventCountry "FRA"]
[SourceTitle "EXT 2024"]
[Source "ChessBase"]
[SourceDate "2023.10.10"]
[SourceVersion "1"]
[SourceVersionDate "2023.10.10"]
[SourceQuality "1"]

1. e4 c5 2. Nf3 Nc6 3. d4 cxd4 4. Nxd4 Nf6 5. Nc3 e5 6. Nxc6 bxc6 7. Bg5 Bb4 8. Qd3 0-0 9. Bd2 d5 10. a3 Bxc3 11. Bxc3 Nxe4 12. Be2 Re8 13. 0-0 Bf5 14. Be1 Qd7 15. Qd1 Rab8 16. f3 Nf6 17. b3 Bg6 18. Bf2 Qc7 19. Re1 Rbd8 20. Qc1 Rd7 21. Bd3 Bxd3 22. cxd3 Nh5 23. Qc2 Re6 24. Rad1 d4 25. b4 Nf4 26. Bg3 Nd5 27. Bf2 a5 28. Qc5 axb4 29. axb4 Qb6 30. Ra1 Rd8 31. Qxb6 Nxb6 32. Reb1 Nd5 33. b5 Nc3 34. Rc1 Ne2+ 35. Kf1 Nxc1 36. b6 Nb3 37. Ra7 Ree8 38. Be1 Rb8 39. b7 Nc5 40. Ba5 Rxb7 0-1

[Event "FRA-chT4 1415"]
[Site "Champagne Ardennes"]
[Date "2014.12.12"]
[Round "2.7"]
[White "Lemoine, Jean Claude"]
[Black "Amoros, Pierre"]
[Result "0-1"]
[WhiteElo "1399"]
[BlackElo "1642"]
[PlyCount "100"]
[EventDate "2014.10.16"]
[EventType "team-tourn"]
[EventRounds "7"]
[EventCountry "FRA"]
[SourceTitle "EXT 2024"]
[Source "ChessBase"]
[SourceDate "2023.10.10"]
[SourceVersion "1"]
[SourceVersionDate "2023.10.10"]
[SourceQuality "1"]

1. e4 d5 2. exd5 Qxd5 3. Nc3 Qa5 4. d4 c6 5. Bd2 Qc7 6. Be2 Bf5 7. Nf3 e6 8. Nh4 Ne7 9. Qc1 Nd7 10. Nf3 Ng6 11. Nd1 Be7 12. Ne3 Be4 13. Bc3 Bxf3 14. Bxf3 Nf6 15. Bd2 Rd8 16. c3 Nf4 17. Qc2 N4d5 18. Nc4 0-0 19. 0-0-0 b5 20. Ne5 Nd7 21. Nd3 a5 22. Rhe1 Rc8 23. Be4 N7f6 24. Ne5 Nxe4 25. Rxe4 c5 26. dxc5 Bxc5 27. Rh4 Nf6 28. Ng4 Rfd8 29. Nxf6+ gxf6 30. Qxh7+ Kf8 31. Bh6+ Ke7 32. Rxd8 Rxd8 33. Qc2 Qe5 34. Qe4 Qd6 35. Qc2 Bxf2 36. Rh3 Qd5 37. Rf3 Qxa2 38. Rxf2 Qa1+ 39. Qb1 Rd1+ 40. Kxd1 Qxb1+ 41. Bc1 Qd3+ 42. Rd2 Qf1+ 43. Kc2 a4 44. h4 Qf5+ 45. Kd1 Qg4+ 46. Ke1 Qxh4+ 47. Kf1 Qh1+ 48. Kf2 Qxc1 49. Re2 a3 50. bxa3 Qxa3 0-1

[Event "Omegna op-B 2nd"]
[Site "Omegna"]
[Date "2014.08.10"]
[Round "5"]
[White "Recanatini, Italo"]
[Black "Amoros, Pierre"]
[Result "1-0"]
[WhiteElo "1800"]
[BlackElo "1612"]
[PlyCount "89"]
[EventDate "2014.08.08"]
[EventType "swiss"]
[EventRounds "5"]
[EventCountry "ITA"]
[SourceTitle "EXT 2015"]
[Source "ChessBase"]
[SourceDate "2014.11.20"]
[SourceVersion "1"]
[SourceVersionDate "2014.11.20"]
[SourceQuality "1"]

1. e4 d5 2. exd5 Qxd5 3. Nc3 Qa5 4. d4 c6 5. Bd2 Qc7 6. Nf3 Bg4 7. Be2 Bxf3 8. Bxf3 e6 9. 0-0 Nf6 10. Ne4 Nxe4 11. Bxe4 Nd7 12. c3 Be7 13. Qc2 Nf6 14. Bf3 0-0 15. Rfe1 b5 16. Bg5 Rad8 17. b4 Nd5 18. Bxe7 Qxe7 19. a4 a6 20. axb5 axb5 21. Ra6 Qb7 22. Ra2 Ra8 23. Bxd5 cxd5 24. Rea1 Rxa2 25. Rxa2 Ra8 26. f3 g6 27. Qb3 Rxa2 28. Qxa2 Qc6 29. Qd2 Qc4 30. Kf2 Kg7 31. g4 h6 32. h4 f6 33. h5 g5 34. Qc2 Qc7 35. Qg6+ Kh8 36. Qxf6+ Kg8 37. Qg6+ Kh8 38. Qf6+ Kh7 39. Qg6+ Kh8 40. Qxh6+ Kg8 41. Qxe6+ Kh7 42. Qg6+ Kh8 43. Qh6+ Kg8 44. Qxg5+ Kh8 45. Qe5+ 1-0

[Event "Omegna op-B 2nd"]
[Site "Omegna"]
[Date "2014.08.08"]
[Round "1"]
[White "Del Nevo, Claudio"]
[Black "Amoros, Pierre"]
[Result "1/2-1/2"]
[WhiteElo "1832"]
[BlackElo "1612"]
[PlyCount "112"]
[EventDate "2014.08.08"]
[EventType "swiss"]
[EventRounds "5"]
[EventCountry "ITA"]
[SourceTitle "EXT 2015"]
[Source "ChessBase"]
[SourceDate "2014.11.20"]
[SourceVersion "1"]
[SourceVersionDate "2014.11.20"]
[SourceQuality "1"]

1. d4 d5 2. Nf3 Nf6 3. Bg5 Ne4 4. Bf4 Bf5 5. e3 Nd7 6. Bd3 e6 7. c3 h6 8. Qc2 Ndf6 9. Nbd2 Bd6 10. Ne5 g5 11. Bg3 Nxg3 12. hxg3 Bxd3 13. Qxd3 Bxe5 14. dxe5 Nd7 15. f4 Qe7 16. 0-0-0 0-0-0 17. Nb3 c5 18. c4 Nb6 19. cxd5 c4 20. d6 Qe8 21. Qc3 Kb8 22. Nc5 Qc6 23. Qd4 Qxg2 24. Qe4 Qxe4 25. Nxe4 gxf4 26. exf4 Nd5 27. Nc3 Nxc3 28. bxc3 h5 29. Rh4 Rdg8 30. Rg1 b5 31. Kd2 Kb7 32. Ke3 Kc6 33. Kf3 a5 34. a3 Rb8 35. Ke4 Kc5 36. Rb1 b4 37. axb4+ axb4 38. cxb4+ Rxb4 39. Rxb4 Kxb4 40. Kd4 Kb3 41. Rh1 c3 42. Rc1 c2 43. Kd3 Rg8 44. Kd2 Rxg3 45. d7 Rg8 46. Rxc2 Rd8 47. Rc7 Kb4 48. Ke3 Kb5 49. Kf3 Kb6 50. Rc8 Rxd7 51. Rh8 Kc7 52. Rxh5 Kd8 53. Rh8+ Ke7 54. Ra8 Rd8 55. Ra6 Kf8 56. Kg4 Kg7 1/2-1/2